000 00249nam a22001217a 4500
040 _cSK
082 _a910
100 _aWORLD BANK
245 _aCambodia socio economic survey 1999
260 _aPhnom Penh
_bWB
_c1999
300 _a144p.
942 _cKB
999 _c9584
_d9584